Detalles MARC
| 000 -CABECERA |
| campo de control de longitud fija |
01326nam a2200337 a 4500 |
| 001 - NÚMERO DE CONTROL |
| campo de control |
000010151 |
| 003 - IDENTIFICADOR DEL NÚMERO DE CONTROL |
| campo de control |
DO-SdBNP |
| 005 - FECHA Y HORA DE LA ÚLTIMA TRANSACCIÓN |
| campo de control |
20250129182519.0 |
| 008 - DATOS DE LONGITUD FIJA--INFORMACIÓN GENERAL |
| campo de control de longitud fija |
091005s1999 dr r 001 p spa d |
| 040 ## - FUENTE DE LA CATALOGACIÓN |
| Centro catalogador/agencia de origen |
DO-SdBNP |
| Lengua de catalogación |
spa |
| Centro/agencia transcriptor |
BNPHU |
| 082 #4 - NÚMERO DE LA CLASIFICACIÓN DECIMAL DEWEY |
| Número de clasificación |
RD861.44 |
| Número de documento/Ítem |
C433o |
| Número de edición |
22 |
| 100 1# - ENTRADA PRINCIPAL--NOMBRE DE PERSONA |
| Nombre de persona |
Chahín, Plinio, |
| Fechas asociadas al nombre |
1959- |
| 9 (RLIN) |
24881 |
| 245 10 - MENCIÓN DE TÍTULO |
| Título |
Oficios de un celebrante / |
| Mención de responsabilidad, etc. |
Plinio Chahín |
| 246 04 - FORMA VARIANTE DE TÍTULO |
| Título propio/Titulo breve |
Obras |
| 260 ## - PUBLICACIÓN, DISTRIBUCIÓN, ETC. |
| Lugar de publicación, distribución, etc. |
Santo Domingo : |
| Nombre del editor, distribuidor, etc. |
Consejo Presidencial de Cultura, |
| -- |
Sistema Nacional de Talleres Literarios, |
| Fecha de publicación, distribución, etc. |
1999. |
| 300 ## - DESCRIPCIÓN FÍSICA |
| Extensión |
380 p. : |
| Dimensiones |
29 cm. |
| 490 0# - MENCIÓN DE SERIE |
| Mención de serie |
Sistema Nacional de Talleres Literarios ; |
| Designación de volumen o secuencia |
5 |
| 490 0# - MENCIÓN DE SERIE |
| Mención de serie |
Fin de siglo |
| 500 ## - NOTA GENERAL |
| Nota general |
Incluye datos biográficos del autor |
| 505 2# - NOTA DE CONTENIDO CON FORMATO |
| Nota de contenido con formato |
Hechizos de la Hybris -- |
| Título |
Solemnidades de la muerte -- |
| -- |
Consumación de la carne -- |
| -- |
Ojos de penitentes -- |
| -- |
¿Literatura sin lenguaje?. |
| 586 ## - NOTA DE PREMIOS |
| Nota de premios |
La obra Hechizos de la Hybris /Premio de Poesía 1998 Casa de Teatro |
| 590 ## - NOTA LOCAL (RLIN) |
| Nota local |
Inventariado, 2023/MFF |
| 650 #4 - PUNTO DE ACCESO ADICIONAL DE MATERIA--TÉRMINO DE MATERIA |
| Término de materia o nombre geográfico como elemento de entrada |
Poesía dominicana |
| 9 (RLIN) |
66 |
| 650 #4 - PUNTO DE ACCESO ADICIONAL DE MATERIA--TÉRMINO DE MATERIA |
| Término de materia o nombre geográfico como elemento de entrada |
Ensayos dominicanos |
| 9 (RLIN) |
25146 |
| 650 #4 - PUNTO DE ACCESO ADICIONAL DE MATERIA--TÉRMINO DE MATERIA |
| Término de materia o nombre geográfico como elemento de entrada |
Literatura dominicana |
| Subdivisión general |
Historia y crítica |
| 9 (RLIN) |
159 |
| 700 1# - PUNTO DE ACCESO ADICIONAL--NOMBRE DE PERSONA |
| Nombre de persona |
Mármol, José, |
| Fechas asociadas al nombre |
1960- |
| Término indicativo de función/relación |
pról. |
| 9 (RLIN) |
6454 |
| 830 #0 - PUNTO DE ACCESO ADICIONAL DE SERIE-TÍTULO UNIFORME |
| Título uniforme |
Sistema Nacional de talleres literarios |
| Número de parte o sección de la obra |
5 |
| 9 (RLIN) |
25147 |
| 830 #0 - PUNTO DE ACCESO ADICIONAL DE SERIE-TÍTULO UNIFORME |
| Título uniforme |
Fin de siglo |
| 9 (RLIN) |
25148 |
| 910 ## - DATOS DE OPCIÓN DEL USUARIO (OCLC) |
| Datos de opción del usuario |
Validado. Control de calidad MFF |
| 942 ## - ELEMENTOS DE PUNTO DE ACCESO ADICIONAL (KOHA) |
| Fuente del sistema de clasificación o colocación |
Dewey Decimal Classification |
| Tipo de ítem Koha |
Libro |